• 首页
  • 本馆介绍
  • 公告通知
  • 最新文献
  • 馆藏检索
  • 电子资源
  • 读者导购
  • 参考咨询
  • 我的图书馆
  • 登录
  • 详细信息显示
  • 放入我的书架
  • 预约/预借图书
  • 作者相关作品
  • 分类相关作品
  • 丛书相关作品
  • 出版社相关作品

书目信息

  • 表格格式
  • 工作单格式
  • 卡片格式
题名:
辛亥革命时期的历史人物
    
 
作者: 李新 , 任一民同 编
分册:  
出版信息: 北京   中国青年出版社  1983.3
页数: 416
开本: 21cm
丛书名:
单 册:
中图分类: K257.06
科图分类:
主题词: 中国--历史--1840~1949
电子资源:
ISBN:
000 00612nam0 2200217 45
001 0181011142
005 20060817164826.65
010    @dCNY1.35
091    @a11009.118
100    @a20810111d km y0chiy0120 ea
101 0  @achi
102    @aCN@b110000
200 1  @a辛亥革命时期的历史人物@Axin hai ge ming shi qi de li shi ren wu@f李新,任一民同编
210    @a北京@c中国青年出版社@d1983.3
215    @a416@d21cm
606 0  @a中国@x历史@z1840~1949
690    @aK257.06@v3
701 0  @a李新@4编
701 0  @a任一民同@4编
801    @aCN@bTSTC@c20060817
905    @dK257.06@e18@f1@b87896@b87898-899@f2
    
    辛亥革命时期的历史人物/李新,任一民同编.-北京:中国青年出版社,1983.3
    416;21cm
    
    
    ISBN :CNY1.35
    
●
相关链接 在E读中查询图书 在五车中查询图书 在当当中查询图书 在豆瓣中查询图书


正题名:辛亥革命时期的历史人物     索取号:K257.06/18         预约/预借

序号 登录号 条形码 馆藏地/架位号 状态 备注
1 0087896   001291738   第二借阅区/ [索取号:K257.06/18] 在馆    
2 0087897   001656167   密集书库/ [索取号:K257.06/18] 在馆    
3 0087898   001291747   第二样本阅览室/ [索取号:K257.06/18] 在馆    
4 0087899   001291756   第二借阅区/ [索取号:K257.06/18] 在馆    
5 0087900   001859180   密集书库/ [索取号:K257.06/18] 在馆    
6 0436311   204363116   密集书库/ [索取号:K257.06/18] 在馆    
7 0466364   204663649   密集书库/ [索取号:K257.06/18] 在馆    
唐山师范学院图书馆 欢迎您!
大连网信软件有限公司© 版权所有